000 01087nam a2200217 4500
001 173987
003 ES-MaACL
005 20230908192504.0
008 100204s1901 sp |||| | spa d
100 1 _aBlasco, Eusebio,
_d1844-1903
_9126018
245 1 4 _aLos Timplaos
_b: zarzuela en un acto, dividido en cuatro cuadros original, en prosa y verso /
_cde Eusebio Blasco [y Soler] y Carlos Fernández Shaw ; música del maestro Gerónimo Giménez.
260 _aMadrid :
_bSociedad de Autores Españoles,
_c1901 (
_fR. Velasco, impr.)
300 _a45 p. ;
_c20 cm.
594 _aEn port.: Estrenada en el teatro de la Zarzuela la noche del 29 de noviembre de 1901.
594 _aSólo la letra.
700 1 _aFernández-Shaw, Carlos,
_d1865-1911
_950098
700 1 _aGiménez, Jerónimo.
_957024
852 _aES-MaACL
_jF-8638(6)
_z. - Enc. pasta española
_z. - Enc. en un vol. facticio; formando parte de la col. facticia "Teatro español moderno", v. 93
856 _uhttp://www.archive.org/details/lostimplaoszarzu00gim
_zIr a la página
999 _c173987
_d173987